-
Abbey, Michael and Corey, Michael J
Entry Personal Name
Number of records used in: 1
001 - CONTROL NUMBER
003 - CONTROL NUMBER IDENTIFIER
005 - DATE AND TIME OF LATEST TRANSACTION
- control field:
20180208115107.0
008 - FIXED-LENGTH DATA ELEMENTS
- fixed length control field:
180208|| aca||aabn | a|a d
040 ## - CATALOGING SOURCE
- Original cataloging agency:
OSt
- Transcribing agency:
OSt
100 ## - HEADING--PERSONAL NAME
- Personal name:
Abbey, Michael and Corey, Michael J
670 ## - SOURCE DATA FOUND
- Source citation:
Work cat.: (OSt)3568: Abbey, Michael and Corey, Michael J, Oracle 8, A Beginners Guide, 1998